Qué hace llover? /
Guardado en:
| Autor Principal: | |
|---|---|
| Formato: | Libro |
| Publicado: |
Buenos Aires :
Lumen,
1990
|
| Materias: | |
| Etiquetas: |
Agregar Etiqueta
Sin Etiquetas, Sea el primero en etiquetar este registro!
|
| LEADER | 00818nam a22002175a 4500 | ||
|---|---|---|---|
| 001 | CEM.cems013076 | ||
| 005 | 20081118104048.0 | ||
| 008 | 130507s1990##################000#0#####d | ||
| 003 | CEMS | ||
| 020 | |a 9507240179 | ||
| 082 | 0 | 4 | |a SG372.21 |
| 100 | 1 | |a Mayes, Susan | |
| 245 | 1 | 0 | |a Qué hace llover? / |c Susan Mayes |
| 260 | |a Buenos Aires : |b Lumen, |c 1990 | ||
| 300 | |a 24 p. | ||
| 505 | 0 | |a Acerca de la lluvia -- Adonde va el agua? -- Agua en el aire -- Aire frío -- Llega la nieve -- El arco iris -- Tormentas -- El agua en la tierra -- Demasiada lluvia -- Las áreas más secas -- Habrá buen tiempo? -- Palabras útiles | |
| 653 | |a Nivel inicial | ||
| 653 | |a Ciencias naturales-nivel incial | ||
| 653 | |a Nivel inicial-agua | ||
| 653 | |a Educación | ||
| 859 | |a CEMS |b BIB. CEMS - 11 de abril |h SG372.21 |i M453 |p 25487.08 |t Ej.1 | ||
